Statistiques concernant Culture Générale - Série 914

Cliquez ici pour prendre le quiz!

Statistiques générales

  • Ce quiz a été pris 100 fois
  • Le résultat moyen est 8 sur 10

Statistiques - réponses

QuestionRéponse% Correct
Quand on n'a peur de rien, on dit familièrement qu'on n'a pas froid...aux yeux
100%
Quelle ville italienne, célèbre pour ses canaux, est surnommée "la cité des Doges" ?Venise
100%
Sur une main humaine, quel doigt est le plus proche du pouce ?index
99%
Quel félin est “mort ce soir”, dans une chanson interprétée par Pow Wow ?lion
98%
Quel biscuit alsacien croquant, en forme de noeud et parsemé de gros sel, est destiné à accompagner la bière ?bretzel
94%
Quel mot anglais pouvant être traduit par "bâton de joie" désigne une manette de jeu vidéo ?joystick
73%
Quelles pâtes italiennes en forme de minces rubans plats, ont un nom venant d'un verbe italien signifiant "tailler" ?tagliatelles
70%
Quel lapin hystérique est marié à la sublime Jessica dans un film d'animation sorti en 1988 ?Roger Rabbit
67%
Quelle sainte de la religion catholique est née à Avila ?Sainte Thérèse
57%
De quelle ville Fabienne Keller a-t-elle été le maire de 2001 à 2008 ?Strasbourg
48%

Distribution des résultats

Percentile par nombre de réponses

% des personnes avec chaque résultat

Votre développement - résultats

Vous n’avez pas pris ce quiz